000 00668nam a2200265Ia 4500
003 OSt
005 20220912144852.0
006 a|||||r|||| 00| 0
007 ta
008 220909b |||||||| |||| 00| 0 eng d
024 _a70734
037 _cTextual
040 _aCSL
_beng
_cCSL
041 _aeng
082 _aG, J11;1
100 _aSherrington Charles
245 0 _aMan on his nature
250 _a2nd
260 _aCambridge
_bCambridge University Press
_c1951
300 _a300p. illus.
_ccm.
490 _aGifford lectures
650 _aBiology
942 _hG, J11;1
_cTEXL
_2CC
999 _c17753
_d17753